Κατάλογος Βιβλιοθηκών Mediterranean College

Λόγος Περι Παγκοσμιοποίησης και Δημοκρατίας / Συνεντεύξεις με Σύγχρονους Στοχαστές (Record no. 1950)

MARC details
000 -LEADER
fixed length control field 02169cam a22002174a 4500
005 - ΗΜΕΡΟΜΗΝΙΑ ΚΑΙ ΩΡΑ ΤΕΛΕΥΤΑΙΑΣ ΕΝΗΜΕΡΩΣΗΣ
Πεδίο ελέγχου 20250605164024.0
008 - FIXED-LENGTH DATA ELEMENTS--GENERAL INFORMATION
Πεδίο ελέγχου σταθερού μήκους 250528s ||||||||||||||||||||||||d
035 ## - SYSTEM CONTROL NUMBER
System control number 16450
020 ## - ISBN
ISBN 9607909429
040 ## - ΠΗΓΗ ΚΑΤΑΛΟΓΟΓΡΑΦΗΣΗΣ
Φορέας πρωτότυπης καταλογογράφησης MC Athens Campus Library
Γλώσσα καταλογογράφησης Ελληνικά, Μοντέρνα (1453-)
Modifying agency MC Athens Campus Library
Κανόνες περιγραφικής καταλογογράφησης AACR2
245 1# - ΤΙΤΛΟΣ ΚΑΙ ΔΗΛΩΣΗ ΥΠΕΥΘΥΝΟΤΗΤΑΣ
Τίτλος Λόγος Περι Παγκοσμιοποίησης και Δημοκρατίας / Συνεντεύξεις με Σύγχρονους Στοχαστές
260 ## - PUBLICATION, DISTRIBUTION, ETC.
Date of publication, distribution, etc. 2002
300 ## - PHYSICAL DESCRIPTION
Extent 584
520 ## - SUMMARY, ETC.
Summary, etc. Τα σημαντικότερα κοινωνικά, πολιτικά, οικονομικά και φιλοσοφικά θέματα της εποχής μας. Πρόλογος, Η Οδύσσεια Ενός Μαρξιστή, Ο Σύγχρονος Ελευθεριακός Σοσιαλισμός, Διεθνείς Σχέσεις και Αναζήτηση μιας Ανθρώπινης Παγκοσμιας Διακυβέρνησης, Ο Φιλελευθερισμός στον Μεταδιαφωτιστικό Κόσμο - Στοχασμοί Σχετικά με τον Διαταραγμένο Παγκόσμιο Καπιταλισμό, Παγκοσμιοποίηση και Κοσμοπολιτισμός και Δημοκρατία, Αρχαία Ελληνική Φιλοσοφία και Δικαιοσύνη και Ανθρώπινα Δικαιώματα, Παγκόσμιες Αναζητήσεις, Για τη Φιλοσοφία και την Πολιτική και τον Ψυχρό Πόλεμο και την Αριστερά, Από τον Πλάτωνα στον Μεταμοντερνισμό ή το Τέλος της Φιλοσοφίας και η Κοινωνική Ελπίδα, Ανάλυση των Παγκόσμιων Συστημάτων - Η Κοινωνική Επιστήμη και η Τρέχουσα Διεθνής Κατάσταση, Περί Μαρξισμού και Κοινωνικών Τάξεων και Πολιτικής, Βιογραφικό Επίμετρο.
700 1# - ΠΡΟΣΘΕΤΗ ΑΝΑΓΡΑΦΗ--ΦΥΣΙΚΟ ΠΡΟΣΩΠΟ
Personal name Scripta
9 (RLIN) 546
700 1# - ΠΡΟΣΘΕΤΗ ΑΝΑΓΡΑΦΗ--ΦΥΣΙΚΟ ΠΡΟΣΩΠΟ
Personal name Πολυχρονίου Χρόνη
9 (RLIN) 547
700 1# - ΠΡΟΣΘΕΤΗ ΑΝΑΓΡΑΦΗ--ΦΥΣΙΚΟ ΠΡΟΣΩΠΟ
Personal name Τσιαμούρας Παναγιώτης
9 (RLIN) 548
942 ## - ADDED ENTRY ELEMENTS (KOHA)
Koha item type Books
Holdings
Τύπος τεκμηρίου Βιβλιοθήκη Τρέχουσα τοποθεσία Barcode Αριθμός εισαγωγής Ημερομηνία απόκτησης Ταξιθετικό σύμβολο Αριθμός αντιτύπου Κατάσταση απόσυρσης Κατάσταση χαμένου Κατάσταση κατεστραμμένου Μη δανεισμός Σύνολο δανεισμών Ημερομηνία τελευταίας εμφάνισης Η τιμή ισχύει από
Books MC Athens Campus Library MC Athens Campus Library 9780000019493 4154 05/06/2025 321.8 POL 1           05/06/2025 05/06/2025

MC Athens Campus Library
Πατησίων 94 & Κοδριγκτώνος 13, 104 34
Πελλήνης 8 & Πατησίων 107, 112 51
Τ: +30 210 8899600

MC Thessaloniki Campus Library
Ίωνος Δραγούμη 21, 54625 | Ίωνος Δραγούμη 15, 54625
Τ: +30 2310 287779 – Τ: +30 2314 440300